| 000 | 00486nam a2200193Ia 4500 | ||
|---|---|---|---|
| 003 | GCL | ||
| 008 | 140319s9999 xx 000 0 eng d | ||
| 040 |
_aGCL / _cGCL |
||
| 082 | 0 | 4 |
_a636.085.2 _bM A |
| 100 | 1 | _aMCDONALD, P. | |
| 245 | 1 | 0 |
_aANIMAL NUTRITION / _cMCDONALD, P. |
| 700 | 1 | _aEDWARDS, R. A. | |
| 700 | 1 | _aGREENHALGH, J. F. D. | |
| 260 |
_a[S.N] : _bELBS LONGMAN ، _c1994 |
||
| 300 | _a543\P | ||
| 650 | 0 | 4 | _aAGRICULTURE |
| 650 | 0 | 4 | _aANIMAL NUTRITION |
| 942 |
_2ddc _cBK |
||
| 999 |
_c19925 _d19925 |
||